000 00306nam a2200145Ia 4500
100 _aSmith/ M.B.
942 _cBK
654 _aOrganic sysnthesis
245 _aOrganic Synthesis
260 _bMc Graw Hill
_aNew York
_c1994
082 _a547.2
_bPAN
300 _a617
546 _aENGLISH
999 _c29284
_d29284